000 00437nam a2200157Ia 4500
999 _c36634
_d36634
003 OSt
005 20210123110135.0
008 190216s9999||||xx |||||||||||||| ||und||
040 _coclc
082 _a001
_bMIT/G
100 _aMittal, Rakesh
_98398
245 0 _aGuide To General Ability Test /
_cRakesh Mittal
260 _bG K Publishers,
_c2001.
300 _a802p
942 _cREF
_2ddc
_h001
_iMIT/G
_k001
_mMIT/G